| 000 | 01679cam a22003978i 4500 | ||
|---|---|---|---|
| 001 | 19571639 | ||
| 003 | NUST | ||
| 005 | 20241112100904.0 | ||
| 008 | 170322s2017 nyu b 001 0 eng | ||
| 010 | _a 2017013507 | ||
| 020 | _a9780815345084 (alk. paper) | ||
| 035 | _a(DNLM)101702739 | ||
| 040 |
_aDNLM/DLC _cDLC _erda |
||
| 042 | _apcc | ||
| 050 | 0 | 0 | _aQH447 |
| 060 | 1 | 0 | _aQU 470 |
| 082 | 0 | 0 |
_a572.86 _223 |
| 100 | 1 |
_aBrown, T. A. _q(Terence A.), _eauthor. _97463 |
|
| 240 | 1 | 0 | _aGenomes |
| 245 | 1 | 0 |
_aGenomes 4 / _cTerry Brown. |
| 246 | 1 | _aGenomes four | |
| 250 | _a4th. | ||
| 263 | _a1705 | ||
| 264 | 1 |
_aNew York, NY : _bGarland Science, _c[2017] |
|
| 300 |
_ap. ; _ccm. |
||
| 336 |
_atext _2rdacontent |
||
| 337 |
_aunmediated _2rdamedia |
||
| 338 |
_avolume _2rdacarrier |
||
| 500 | _aPreceded by: Genomes 3 / T. A. Brown. 3rd ed. New York : Garland Science, c2007. | ||
| 504 | _aIncludes bibliographical references and index. | ||
| 505 | 0 | _aGenomes, transcriptomes and proteomes -- Studying DNA -- Mapping genomes -- Sequencing genomes -- Genome annotation -- Identifying gene functions -- Eukaryotic nuclear genomes -- Genomes of prokaryotes and eukaryotic organelles -- Virus genomes and mobile genetic elements -- Accessing the genome -- The role of DNA-binding proteins in genome expression -- Transcriptomes -- Proteomes -- Genome expression in the context of cell and organism -- Genome replication -- Mutations and DNA repair -- Recombination and transposition -- How genomes evolve. | |
| 650 | 1 | 2 |
_aGenome _9126871 |
| 700 | _4Catalouge By Rani Shaista Kanwal | ||
| 906 |
_a7 _bcbc _corignew _d1 _eecip _f20 _gy-gencatlg |
||
| 942 |
_2ddc _cBK |
||
| 999 |
_c612292 _d612292 |
||